000 005700000a22001810004500
003 MACL
005 20160510133516.0
008 160510b xxu||||| |||| 00| 0 eng d
040 _aMACL
_cMACL
041 _aHindi
082 _a891.431
100 _aकिशोर , ब्रजनन्‍दन
_955929
245 _aफिर भी और फिर भी
_cब्रजनन्‍दन किशोर
260 _bअपनी जुबान
_c2010
_aदिल्‍ली
350 _a140
650 _aPoem
_927793
942 _cHIN
_k891.431/KIS/P
_2ddc
999 _c45203
_d45203